00557nam a2200193Ia 4500003000900000008004100009040001600050080001600066100002300082245002900105260003400134300001300168650004100181650001000222650002000232942000700252999001300259952009100272IN-BaIIA211028s9999 xx 000 0 eng d cIIA Library a550.34bBYE aByerly, Perry9494 0aSeismologycPerry Byerly aNew YorkbPrentice-Hallc1942 ax, 256p. aAstronomy and Astrophysics Thesaurus aEarth aSeismology9495 cBK c262d262 00104070aBANbKODcGENd0000-00-00l0o550.34/ BYEp236r2021-11-05w0000-00-00yBK